000 00797nas a2200265 4500
001 BR2016004083
003 BR-BrBNA
005 20231205130625.0
007 ta
008 230509b bl.|||p| |||| 00| 00por d
040 _aBR-BrBNA
_bpor
_cBiblioteca Nacional de Agricultura
041 _a(Pt)
072 _aF50
100 1 _aMelo, J.I.M. de
245 1 _aUma nova espécie de Tournefortia L. (Boraginaceae s.l)para o Nordeste do Brasil
650 _aBORAGINACEAE
650 _aMORFOLOGIA VEGETAL
650 _aTAXONOMIA VEGETAL
650 _aDISTRIBUIÇÃO GEOGRÁFICA
650 _aFENOLOGIA
650 _aCAATINGA
773 0 _tHoehnea (Brazil)
_xISSN 0073-2877
_g(Jun 2007), v. 34(2) p. 155-158
_wBR2016004083
909 _a202311
_bLúcia
_c55
_dLúcia Elande
942 _2AGRIS
_n0
_cANA
999 _c250404
_d250404